MARC
| LEADER | 00000cam a2200000 7i4500 | ||
|---|---|---|---|
| 001 | 0000014468 | ||
| 005 | 20080303.0 | ||
| 008 | 080303 | ||
| 020 | |a 9832369401 | ||
| 090 | 0 | 0 | |a 633.5809595 |b RAZ |
| 100 | 0 | |a Razak Wahab | |
| 245 | 1 | 0 | |a Penanaman dan pemprosesan dalam penggunaan buluh |c Razak Wahab |
| 260 | |a Sabah : |b UMS , |c 2006 | ||
| 650 | 0 | |a Bamboo |x Planting |z Malaysia | |
| 650 | 0 | |a Bamboo |z Malaysia | |
| 999 | |a 0000946796 |b Book |c Adult Collection |e Cawangan Bandar Tenggara | ||
| 999 | |a 0001014167 |b Book |c Adult Collection |e Perbadanan Perpustakaan Awam Johor | ||